000 00726nam a22002177a 4500
999 _c288
_d288
003 AR-CdUCM
008 190222b ||||| |||| 00| 0 spa d
040 _aMUNICIPALIDAD PROVINCIAL DEL CUSCO
_cBIBLIOTECA MUNICIPAL DEL CUSCO
082 _a868.37 /
_bL59
100 _aTeresa de Jesús, Santa
_91206
245 _aLibro de su vida /
260 _aMexico ;
_bEdit.Nacional,
_c1973.
300 _a336 paginas ;
_c16.5 cm.
505 _aLibro de su vida -- Las moradas --Primeras moradas --Moradas segundas --Terceras moradas ...
650 _aLiteratura mística
_91207
650 _aIdeologia
_91078
650 _aDoctrina
_91208
700 _aRafael Mesa y Lópes
_91209
942 _2ddc
_cLIBROS
945 _arjall
_d2019-02-22